000 02808nam a2200433 a 4500
005 20091210144334.0
008 060622s2007 nyua c 000 1 eng
010 _aB-386353-363
020 _a9780060577391
_c263.00
035 _aB-386353-363
037 _bBlueberry Books
040 _adpl
_bEnglish
082 _aS
100 _aSage, Angie
245 _aPhysik /
_cby Angie Sage ; illustrated by Mark Zug
260 _aNew York
_bKatherine Tegen Books
_c2008
270 _a53rd Street
_bNew York
_e10022
300 _a544, 15 p. :
_bill.
_c19cm(pbk)
490 _aSeptimus Heap
_vbook 3
650 _aApprentices
_vFiction.
650 _aMagic
_vFiction.
650 _aWizards
_vFiction.
650 _aTime travel
_vFiction.
650 _aFantasy.
700 _aZug, Mark,
942 _2ddc
_cCH
_hS
_mSAG
999 _c32458
_d32458